New Mexico. 1:100,000-scale topographic map : 30 x 60 minute series (topographic) / Tucumcari :

Bibliographic Details
Corporate Authors: United States. Bureau of Land Management (Cartographer), National Operations Center (U.S.) (Editor)
Format: Government Document Map
Language:English
Published: [Reston, Va.] : U.S. Department of the Interior, Bureau of Land Management, 2018.
Edition:BLM, 2018.
Series:Surface management status
Subjects:

MARC

Tag First Indicator Second Indicator Subfields
LEADER 00000nem a2200000 i 4500
001 in00004068613
005 20190502104412.0
007 aj canzn
008 190322s2018 vauag cc a f 1 eng c
020 |a 9781411342743 
020 |a 1411342747 
034 1 |a a  |b 100000  |d W1040000  |e W1030000  |f N0353000  |g N0350000 
035 |a (OCoLC)on1090412949 
042 |a pcc 
043 |a n-us-nm  |a n-us-tx 
040 |a GPO  |b eng  |e rda  |c GPO  |d MvI 
049 |a UDOC 
052 |a 4033  |b D3  |b O4 
052 |a 4323  |b H3  |b Q3  |b S3 
074 |a 0619-G-16 
086 0 |a I 53.11/4:35103-A 1-TM-100/2018 
110 1 |a United States.  |b Bureau of Land Management,  |e cartographer. 
245 1 0 |a New Mexico.  |p Tucumcari :  |b 1:100,000-scale topographic map : 30 x 60 minute series (topographic) /  |c edited and published by the Bureau of Land Management National Operations Center in cooperation with the Bureau of Land Management New Mexico State Office. 
246 1 |i Filing title:  |a Tucumcari, New Mexico 
250 |a BLM, 2018. 
255 |a Scale 1:100,000 ;  |b Lambert conformal conic projection  |c (W 104°00£--W 103°00£/N 35°30£--N 35°00£). 
264 1 |a [Reston, Va.] :  |b U.S. Department of the Interior, Bureau of Land Management,  |c 2018. 
264 2 |a Santa Fe, NM :  |b For sale by U.S. Department of the Interior, Bureau of Land Management, New Mexico State Office 
300 |a 1 map :  |b color ;  |c 56 x 94 cm. 
336 |a cartographic image  |b cri  |2 rdacontent 
337 |a unmediated  |b n  |2 rdamedia 
338 |a sheet  |b nb  |2 rdacarrier 
490 1 |a Surface management status 
500 |a Shows township and range lines. 
500 |a Relief shown by contours and spot heights. 
500 |a Base USGS map dated 1978. 
500 |a Includes township diagram, location map, and indexes to adjoining maps and to 1:24,000-scale maps. 
500 |a Designed to be folded to 23 x 11 cm. 
650 0 |a Land use  |z New Mexico  |z Harding County  |v Maps. 
650 0 |a Land use  |z New Mexico  |z Quay County  |v Maps. 
650 0 |a Land use  |z New Mexico  |z San Miguel County  |v Maps. 
650 0 |a Land use  |z Texas  |z Deaf Smith County  |v Maps. 
650 0 |a Land use  |z Texas  |z Oldham County  |v Maps. 
651 0 |a Harding County (N.M.)  |v Maps. 
651 0 |a Quay County (N.M.)  |v Maps. 
651 0 |a San Miguel County (N.M.)  |v Maps. 
651 0 |a Deaf Smith County (Tex.)  |v Maps. 
651 0 |a Oldham County (Tex.)  |v Maps. 
655 7 |a Maps.  |2 lcgft 
710 2 |a National Operations Center (U.S.),  |e editor. 
710 1 |a United States.  |b Bureau of Land Management.  |b New Mexico State Office,  |e distributor. 
810 1 |a United States.  |b Bureau of Land Management.  |t Surface management status. 
999 f f |s aa5fff74-bfc2-36c9-9c14-d0c03218c6a6  |i 483a23ca-be17-3404-9bb9-33cba06efe5f  |t 0 
952 f f |p normal  |a Texas A&M University  |b College Station  |c Sterling C. Evans Library  |d Evans: Maps (2nd floor)  |t 0  |e G3701.G5 s100.U5 Tucumcari, NM (SM) 2018  |h Library of Congress classification  |i unmediated -- sheet  |m A14850653982 
998 f f |a G3701.G5 s100.U5 Tucumcari, NM (SM) 2018  |t 0  |l Evans: Maps (2nd floor)